书目信息 |
| 题名: |
化工原理课程设计
|
|
| 作者: | 柴诚敬 编 | |
| 分册: | ||
| 出版信息: | 天津 天津科学技术出版社 1994.10 |
|
| 页数: | 188页 | |
| 开本: | 16开 | |
| 丛书名: | ||
| 单 册: | ||
| 中图分类: | ||
| 科图分类: | ||
| 主题词: | 化工过程:物理过程--化工过程 , 化工过程:物理化学过程 | |
| 电子资源: | ||
| ISBN: | 7-5308-1664-0 | |
| 000 | 00662nam0 2200229 45 | |
| 001 | 9911011506 | |
| 005 | 20000927105006.2 | |
| 010 | @a7-5308-1664-0@d13.00元 | |
| 100 | @a19991101d1994 km y0chiy0120 ea | |
| 101 | @achi | |
| 105 | @a z 000yy | |
| 200 | 1 | @a化工原理课程设计@AHua Gong Yuan Li Ke Cheng She Ji@f柴诚敬等编@FChai Cheng Jing Deng Bian |
| 210 | @a天津@c天津科学技术出版社@d1994.10 | |
| 215 | @a188页@d16开 | |
| 606 | 0 | @a化工过程:物理过程@a化工过程 |
| 606 | 0 | @a化工过程:物理化学过程 |
| 690 | @v3 | |
| 690 | @aO6-0@v3 | |
| 690 | @aTQ02@v4 | |
| 701 | @a柴诚敬@4编 | |
| 801 | @aCN@bPFTUser@c19991101 | |
| 905 | @dTQ02@eC2021@b155906-910@f5 | |
| 化工原理课程设计/柴诚敬等编.-天津:天津科学技术出版社,1994.10 |
| 188页;16开 |
| ISBN 7-5308-1664-0:13.00元 |
| ● |
| 相关链接 |
|
|
|
正题名:化工原理课程设计
索取号:TQ02/C2021
 
预约/预借
| 序号 | 登录号 | 条形码 | 馆藏地/架位号 | 状态 | 备注 |
| 1 | 155906 | 201559063 | 自科二线504/504自科库 38排1列2层/ [索取号:TQ02/C2021] | 在馆 | |
| 2 | 155908 | 201559081 | 期刊室512/501自科库 137排3列6层/ [索取号:TQ02/C2021] | 在馆 | |
| 3 | 155909 | 201559090 | 期刊室512/501自科库 137排3列6层/ [索取号:TQ02/C2021] | 在馆 | |
| 4 | 155910 | 201559107 | 期刊室512/201建筑库 32排3列3层/ [索取号:TQ02/C2021] | 在馆 |